Einführung in die Betriebswirtschaftslehre
Salvato in:
| Autore principale: | |
|---|---|
| Natura: | Libro |
| Lingua: | tedesco |
| Pubblicazione: |
Wiesbaden
Gabler
1991
|
| Edizione: | 1. Aufl. |
| Soggetti: | |
| Tags: |
Nessun Tag, puoi essere il primo ad aggiungerne!!
|
MARC
| LEADER | 00000nam a2200000 4500 | ||
|---|---|---|---|
| 001 | c000036 | ||
| 005 | 20221214102040.1 | ||
| 020 | |a 3-409-13011-X | ||
| 041 | 0 | |a ger | |
| 044 | |a DE | ||
| 245 | 1 | 0 | |a Einführung in die Betriebswirtschaftslehre |c Wolfgang Weber |
| 250 | |a 1. Aufl. | ||
| 264 | 1 | |a Wiesbaden |b Gabler |c 1991 | |
| 300 | |a 258 s. | ||
| 610 | 2 | 0 | |a podnik |
| 610 | 2 | 0 | |a veda o podniku |
| 610 | 2 | 0 | |a právo |
| 610 | 2 | 0 | |a manažment |
| 610 | 2 | 0 | |a materiál |
| 610 | 2 | 0 | |a výroba |
| 610 | 2 | 0 | |a odbyt |
| 610 | 2 | 0 | |a financie podnikové |
| 610 | 2 | 0 | |a organizácia |
| 610 | 2 | 0 | |a účtovníctvo vnútropodnikové |
| 610 | 2 | 0 | |a AIS |
| 100 | 1 | |a Weber, Wolfgang | |